| 000 | 00823cab a2200277 4500 | ||
|---|---|---|---|
| 001 | WB3206-22 | ||
| 008 | 090401t1996 xxu||||| |||| 00| 0 eng d | ||
| 035 | _a(Sirsi) u21113 | ||
| 041 | _aeng | ||
| 245 | _a27 new towns needed | ||
| 260 | _c1996 | ||
| 350 | _a0 | ||
| 490 |
_aDaily Telegraph _v5 February 1996, 1&2 |
||
| 490 |
_aIndependent on Sunday _v4 February 1996, 7 |
||
| 520 | _aAccording to DoE forecasts, 27 new towns are needed by 2016 to accommodate a 23% growth in the number of households. Includes map. | ||
| 650 | _aFORECASTS | ||
| 650 | _aHOUSE BUILDING | ||
| 650 | _aHOUSEHOLD PROJECTIONS | ||
| 650 | _aNEW SETTLEMENTS | ||
| 650 | _aNEW TOWNS | ||
| 650 | _aTOWNS | ||
| 690 | _aPROPERTY-PROPERTY DEVELOPMENT | ||
| 690 | _aPLANNING LAW AND PRACTICE | ||
| 942 | _n0 | ||
| 948 | _c04/03/1997 | ||
| 999 |
_c14167 _d14167 |
||